| 000 | 00541nam a2200169 i 4500 | ||
|---|---|---|---|
| 001 | 56408 | ||
| 003 | ES-MaACL | ||
| 005 | 20230906163349.0 | ||
| 007 | t| | ||
| 008 | 031008s1966 sp ||||1| spa d | ||
| 245 | 0 | 0 |
_aDiccionario técnico electro-mecánico inglés-español / _crecopilado por Luis Weis Ballesteros. |
| 260 |
_aMadrid : _b[s.n., _c1966] ( _fArtes Gráficas Reyes) |
||
| 300 |
_a292 p. ; _c21 cm. |
||
| 500 | _aRepetidas las p. 289-290. | ||
| 700 | 1 |
_aWeis Ballesteros, Luis. _9116382 |
|
| 852 |
_aES-MaACL _jC-31620 _bR.61677 |
||
| 999 |
_c56408 _d56408 |
||